| 000 | 00000nam##2200000za#4500 |
| 001 | 9.571554 |
| 003 | CaOODSP |
| 005 | 20211126112844 |
| 007 | cr ||||||||||| |
| 008 | 150406|2000||||xxc|||||o f|0| 0 eng|d |
| 022 | |a1701-9397 |
| 040 | |aCaOODSP|beng |
| 043 | |an-cn--- |
| 086 | 1 |aFB3-2/100-11E-PDF |
| 110 | 2 |aBank of Canada. |
| 245 | 10|aIdentifying policy-makers' objectives : |h[electronic resource]|ban application to the Bank of Canada / |cby Nicholas Rowe and James Yetman. |
| 260 | |aOttawa - Ontario : |bBank of Canada |cJune 2000. |
| 300 | |a29p.|bgraphs, references |
| 490 | 1 |aBank of Canada working paper|x1701-9397|v2000-11 |
| 500 | |a"The objective of a policy authority can be thought of as the targeting of particular macroeconomic variables (hereafter called target variables) towards some level... The standard approach to testing hypotheses about the objective of a monetary authority is to estimate a policy reaction function... In this paper, we develop a new test to determine the objective of a policy authority and implement our test using Canadian data."--Introduction. |
| 500 | |aThe ISBN (0-662-29131-X) and ISSN (1192-5434) for the print edition have been incorrectly copied in this electronic publication. |
| 520 | 3 |aThe objective of a policy authority can be thought of as the targeting of particular macroeconomic variables (hereafter called target variables) towards some level... The standard approach to testing hypotheses about the objective of a monetary authority is to estimate a policy reaction function... In this paper, we develop a new test to determine the objective of a policy authority and implement our test using Canadian data.--Introduction |
| 546 | |aRésumé en français. |
| 590 | |a11-19-Supp|b2011-09-23 |
| 690 | 07|aMonetary policy|2gcpds |
| 690 | 07|aInflation|2gcpds |
| 690 | 07|aInterest rates|2gcpds |
| 720 | 1 |aYetman, James |
| 720 | 1 |aRowe, Nicholas |
| 776 | 0#|tIdentifying policy-makers' objectives : |w(CaOODSP)9.615241 |
| 830 | #0|aWorking paper (Bank of Canada)|x1701-9397|v2000-11|w(CaOODSP)9.504604 |
| 856 | 40|ahttp://publications.gc.ca|qPDF|s117 KB|uhttps://publications.gc.ca/collections/Collection/FB3-2-100-11E.pdf|y2000-11 |